=LDR 00000nam 2200000 4500 =001 INLIS000000000025091 =005 20130612123627 =008 ***********************************Ind** =035 ##$$0010-061300000025091 =041 ##$$a Ind =082 ##$$a 636 =090 ##$$a 636, Wid p =100 ##$$a Widodo, Widji =245 ##$$a Pemuliaan ternak (animal breeding), Widji Widodo =260 ##$$a 1981 $b Malang =300 ##$$a 220 hlm, ilus, 21 cm =650 ##$$a Ternak =850 ##$$a NBPNMAT